Emotion and the educative process : a report of the committee on the relation of emotion to the educative process (Record no. 1285)

MARC details
000 -LEADER
fixed length control field 00474nam a2200145Ia 4500
005 - DATE AND TIME OF LATEST TRANSACTION
control field 20240814115805.0
008 - FIXED-LENGTH DATA ELEMENTS--GENERAL INFORMATION
fixed length control field 240813s9999||||xx |||||||||||||| ||und||
082 ## - DEWEY DECIMAL CLASSIFICATION NUMBER
Classification number 370.15 PRE
100 ## - MAIN ENTRY--PERSONAL NAME
Personal name Prescott, Daniel Alfred
245 #0 - TITLE STATEMENT
Title Emotion and the educative process : a report of the committee on the relation of emotion to the educative process
260 ## - PUBLICATION, DISTRIBUTION, ETC.
Place of publication, distribution, etc. Washington, D.C.
Name of publisher, distributor, etc. Americal Council of Education
Date of publication, distribution, etc. 1938
300 ## - PHYSICAL DESCRIPTION
Extent xviii,323p
650 ## - SUBJECT ADDED ENTRY--TOPICAL TERM
Topical term or geographic name entry element Education
942 ## - ADDED ENTRY ELEMENTS (KOHA)
Koha item type Book
Holdings
Withdrawn status Lost status Damaged status Not for loan Home library Current library Date acquired Total checkouts Barcode Date last seen Price effective from Koha item type
        Library and Documentation Division NCERT Library and Documentation Division NCERT 08/14/2024   1364 08/14/2024 08/14/2024 Book